000 00605cam a22002173a 4500
001 41886
003 PGUSA
005 20140828083938.0
008 130120s2013||||xxu|||||s|||||000 | eng d
040 _aPGUSA
_beng
042 _adc
100 1 _aKonody, Paul G.
_q(Paul George),
_d1872-1933
245 1 0 _aChardin
_h[electronic resource] /
_cPaul G. Konody
260 _bProject Gutenberg,
_c2013
506 _aPublic domain in the USA.
516 _aElectronic text
700 1 _aHare, T. Leman
830 0 _aProject Gutenberg
_v41886
856 4 0 _uhttp://www.gutenberg.org/ebooks/41886
942 _cEB
999 _c271138
_d271138